Statistics for Famous Destinations in the Philippines

Click here to take the quiz!

General Stats

  • This quiz has been taken 390 times
  • The average score is 15 of 39

Answer Stats

HintAnswer% Correct
Chocolate hills, scuba diving & tarsierBohol
90%
White Beach & Mt. Luho viewsBoracay
86%
Burnham Park & Camp John HayBaguio
85%
Mt. Apo, durian fruitDavao
84%
Philippine Capital with colonial coreManila
83%
Dive sites and beach resortsCebu
76%
Town above Taal Lake, volcano islandTagaytay
75%
Subic Bay, wreck divingSubic
66%
Jaro Cathedral, Ilo Ilo river EsplanadeIlo Ilo
60%
Underground river, scuba divingPuerto Princesa
60%
Museo de Baler, Cemento BeachBaler
58%
Quezon Memorial Circle, Ninoy Aquino CenterQuezon City
57%
Surfing, jellyfish, lagoonsSiargao
51%
Mestizo district mansionsVigan
51%
Central Business district, Ayala MuseumMakati
48%
Rice terraces, hiking, backpackingBanaue
46%
Hanging coffins, Sumaging caveSagada
44%
Subic Bay shipwrecks, Mt. Samat crossBataan
42%
Beaches, diving, Bacuit archipelagoEl Nido
40%
Caramoan National Park, Gota BeachCaramoan
38%
Churches, history, cathedralsIntramuros
38%
Lagoons, beaches, hot springsCoron
36%
Holy Rosary Church, Museo ning AngelesAngeles
35%
Whale sharks, whale-watchingOslob
31%
White beach, Talipanan fallsPuerto Galera
21%
San Sebastian Cathedral, Capitol ParkBacolod
19%
Saud beach, Bantay Abot cavePagudpud
17%
Rizal Boulevard, anthropology museumDumaguete
15%
Volcanoes, whale sharks, zip-liningLegazpi
11%
Cathedrals, churchesLaoag
10%
Beaches, canyoning, whale sharksMoalboal
8%
Beaches, snorkeling, parachutingBantayan Island
7%
Beaches, seaside resorts, snorkelingMactan
7%
Beaches, seaside resorts, romantic placesSamal Island
7%
History, lighthouseCorregidor
5%
Beaches, seaside resorts, churchesNasugbu
3%
Beaches, seafood, shoppingTagbilaran
2%
Beaches, casinos, monumentsLapu Lapu City
1%
Beaches, scuba diving, dolphinsPanglao Island
1%

Score Distribution

Percentile by Number Answered

Percent of People with Each Score

Your Score History

You have not taken this quiz